000
00321nam a2200133Ia 4500
008
200615s9999||||xx |||||||||||||| ||und||
020
_a
9780761996408
082
_a
650
_b
NEG-C
100
_a
C S VENKATA RATNAM
245
0
_a
NEGOTIATED CHANGE
250
_a
1ST
260
_a
new delhi
_b
RESPONSE BOOKS
_c
2018
942
_c
BK
999
_c
27768
_d
27768